Colón : en el ojo de la tormenta /
Análisis de la situación social, política y económica de la zona franca panameña de Colón, una ciudad insular en el área del canal que se utiliza como espacio de comercio internacional. Esta situación ha causado desequilibrios severos en la sociedad local: el progreso ha traído pobreza para los habi...
Zapisane w:
| 1. autor: | |
|---|---|
| Format: | Książka |
| Język: | hiszpański |
| Seria: | (El Sancocho ;
1) |
| Hasła przedmiotowe: | |
| Etykiety: |
Nie ma etykietki, Dołącz pierwszą etykiete!
|
MARC
| LEADER | 00000nam^a2200000^a^4500 | ||
|---|---|---|---|
| 001 | 000389025 | ||
| 005 | 20250526000000.0 | ||
| 009 | 20260310121111.266 | ||
| 037 | |a Acervo ITESO - Biblioteca | ||
| 041 | |a ESP | ||
| 082 | |a 320. 97287053 |b LEI | ||
| 100 | |a Leis, Raúl |e (autor) | ||
| 245 | 1 | 0 | |a Colón : |b en el ojo de la tormenta / |c R. Leis. |
| 264 | |a Panamá, Panamá : |b Centro de Capacitación Social, |c 1979 | ||
| 300 | |a 29 p. ; |c 21.5 cm. | ||
| 440 | 4 | |a (El Sancocho ; |v 1) | |
| 520 | |a Análisis de la situación social, política y económica de la zona franca panameña de Colón, una ciudad insular en el área del canal que se utiliza como espacio de comercio internacional. Esta situación ha causado desequilibrios severos en la sociedad local: el progreso ha traído pobreza para los habitantes de la zona. | ||
| 561 | |a Obra autografiada por Raúl A. Leis para Carlos Núñez Hurtado | ||
| 649 | |a XX | ||
| 650 | |a Puertos - |z Panamá | ||
| 650 | |a Zonas de Libre Comercio - |z Panamá | ||
| 650 | |a Aislamiento Social - |z Panamá | ||
| 650 | |a Problemas Sociales | ||
| 650 | |a Sociología | ||
| 650 | |a Economía | ||
| 650 | |a Política | ||
| 650 | |a Panamá - |x Historia - |y 1978-1982 | ||
| 910 | |a Fondo Carlos Núñez Hurtado | ||
| 920 | |a Impresos - Libros | ||
| 930 | |a Libros Antiguos y Raros | ||
| 905 | |a 108 | ||
| 901 | |a 0500283552 |b IT2 |c LRA |i D80425 |u 20250526 | ||
| 901 | |a 0500283555 |b IT2 |c LRA |i D80426 |u 20250526 | ||
| 902 | |a https://opac.biblio.iteso.mx/vufind/Record/000389025 | ||